000 00670nam a22002177a 4500
003 UA-OsUOA
001 137316
007 ta
008 20190513b un ||||| |||| 00| 0 ukr d
100 _aВарцаба В. І.
090 _a330(477)
_bВ18
942 _cSA
040 _aUA-OsUOA
_bukr
_cUA-OsUOA
_dUA-OsUOA
245 _aОцінка діяльності інтегрованих фінансових посередників в Україні
300 _aС.35
955 _a0
041 _aukr
080 _a330(477)
773 0 _w137313
_tЕкономіка. Фінанси. Право.
_dК.
_d2019
_g3
650 7 _a330 Економіка взагалі
_2UDC
999 _c423139
_d423139